| 000 | 00599nam a22001697a 4500 | ||
|---|---|---|---|
| 999 |
_c58140 _d58140 |
||
| 005 | 20210629104126.0 | ||
| 008 | 210628s2020 enk||||| |||| 00| 0 eng d | ||
| 041 | _aeng | ||
| 080 | _a376 Br - 84 | ||
| 245 |
_aBraille Alphabet & Numbers: _bBraille Alphabet and Number Charts For Kids and Adults. |
||
| 264 | _b Independently published. | ||
| 300 |
_a103 p. _b30 cm. |
||
| 653 | _aბრაილის შრიფტი და ციფრები | ||
| 653 | _aუსინათლო სტუდენტები | ||
| 653 | _aАлфавит Брайля и цифры | ||
| 942 |
_2udc _cBK |
||